000 00554nab a2200157Ia 4500
003 ES-SlBCS
005 20210601145026.0
008 140529s1992 xxu||||| |||| 00| 0 spa d
041 _aspa
100 1 _aLópez Latorre, M. J.
_9307023
245 0 0 _aLa psicología y la generación intelectual de 1856
_c M. J. López Latorre, R. Bañuls Egeda
650 0 4 _aPsicología-Generación de 1856
_9307157
700 1 _aBañuls Egeda, R.
_9307129
773 0 _tRevista de Historia de la Psicologia
_gvol. 13, nº. 2-3, 1992, págs. 423-433
_wRev700
942 _cAR
999 _c718160
_d718160